| 000 | 00414nam a2200181Ia 4500 | ||
|---|---|---|---|
| 003 | 0100 | ||
| 008 | 130303s9999 xx 000 0 und d | ||
| 040 | _cARRUPELIB | ||
| 050 | _aB171.G83 | ||
| 100 | _aGuthrie, W. K. C | ||
| 245 | 2 | _aA history of Greek philosophy | |
| 260 | _aCambridge | ||
| 260 | _bCambridge University Press | ||
| 260 | _C1962 | ||
| 300 | _axv | ||
| 300 | _b 539p. 23cm. | ||
| 942 | 0 | 0 | _026 |
| 999 |
_c43648 _d43648 |
||